| 000 | 02313nam a22002537a 4500 | ||
|---|---|---|---|
| 999 |
_c285888 _d285888 |
||
| 001 | 216216977 | ||
| 003 | UA-OsUOA | ||
| 005 | 20200501174624.0 | ||
| 008 | 200501b -uko|||g |||| 00| 0deng d | ||
| 020 | _a9781784700089 | ||
| 040 |
_aUA-OsUOA _bukr _cUA-OsUOA _dUA-OsUOA |
||
| 041 | _aeng | ||
| 080 | _a929 | ||
| 090 |
_bH72 _a929 |
||
| 100 | _aHodges A. | ||
| 245 |
_aAlan Turing: The Enigma: The Book That Inspired the Film "The Imitation Game" _cAndrew Hodges |
||
| 260 |
_aLondon _bVintage Book _c2014 |
||
| 300 | _a736 p. | ||
| 520 | _aThe official book behind the Academy Award-winning film The Imitation Game, starring Benedict Cumberbatch and Keira Knightley It is only a slight exaggeration to say that the British mathematician Alan Turing (1912-1954) saved the Allies from the Nazis, invented the computer and artificial intelligence, and anticipated gay liberation by decades--all before his suicide at age forty-one. This New York Times–bestselling biography of the founder of computer science, with a new preface by the author that addresses Turings royal pardon in 2013, is the definitive account of an extraordinary mind and life. Capturing both the inner and outer drama of Turing’s life, Andrew Hodges tells how Turing’s revolutionary idea of 1936--the concept of a universal machine--laid the foundation for the modern computer and how Turing brought the idea to practical realization in 1945 with his electronic design. The book also tells how this work was directly related to Turing’s leading role in breaking the German Enigma ciphers during World War II, a scientific triumph that was critical to Allied victory in the Atlantic. At the same time, this is the tragic account of a man who, despite his wartime service, was eventually arrested, stripped of his security clearance, and forced to undergo a humiliating treatment program--all for trying to live honestly in a society that defined homosexuality as a crime. The inspiration for a major motion picture starring Benedict Cumberbatch and Keira Knightley, Alan Turing: The Enigma is a gripping story of mathematics, computers, cryptography, and homosexual persecution. | ||
| 650 |
_a929 Біографічні дослідженння _2UDC |
||
| 700 | 1 | _aHodges Andrew | |
| 942 |
_2udc _cBK |
||
| 955 | _a4 | ||